Najdroższe transfery do Ekstraklasy - Statystyki

Ogólne statystyki
  • Ten quiz został rozwiązany 26 razy
  • Średni wynik to 5 z 20
Statystyki odpowiedzi
Kwota Sezon Klub pozyskujący Zawodnik % Poprawnych
1,80 mln € 2023/24 Lech Poznań Ali Gholizadeh
70%
1,50 mln € 2023/24 Raków Częstochowa John Yeboah
60%
1,50 mln € 2019/20 Legia Warszawa Bartosz Slisz
50%
1,20 mln € 2022/23 Lech Poznań Afonso Sousa
45%
1,10 mln € 2021/22 Lech Poznań Kristoffer Velde
40%
1,20 mln € 2021/22 Lech Poznań Adriel Ba Loua
30%
1,50 mln € 2022/23 Legia Warszawa Maik Nawrocki
30%
1,00 mln € 2010/11 Polonia Warszawa Artur Sobiech
25%
1,00 mln € 1999/00 Wisła Kraków Maciej Żurawski
25%
1,00 mln € 2010/11 Lech Poznań Rafał Murawski
25%
1,30 mln € 2021/22 Legia Warszawa Lirim Kastrati
20%
1,00 mln € 2019/20 Legia Warszawa Luquinhas
20%
900 tys. € 2016/17 Legia Warszawa Artur Jędrzejczyk
15%
900 tys. € 2021/22 Legia Warszawa Igor Kharatin
15%
1,00 mln € 2021/22 Piast Gliwice Jakub Świerczok
15%
1,00 mln € 2018/19 Lech Poznań Pedro Tiba
15%
900 tys. € 2021/22 Pogoń Szczecin Vahan Bichakhchyan
15%
1,00 mln € 1999/00 Wisła Kraków Kamil Kosowski
10%
1,20 mln € 2021/22 Cracovia Virgil Ghita
10%
1,00 mln € 2016/17 Legia Warszawa Dominik Nagy
5%
Nie znaleziono quizów pasujących do podanych kryteriów
Rozkład punktacji
Procent ludzi z każdym wynikiem
Percentyl według liczby udzielonych odpowiedzi
Twoja historia wyników
Nie rozwiązałeś tego quizu